[Event "CAN-ch U14"]
[Site "Richmond Hill"]
[Date "2011.07.08"]
[Round "7"]
[White "O'Neil, Michael T"]
[Black "Huang, Jeffrey Ting Ju"]
[Result "0-1"]
[WhiteElo "1325"]
[BlackElo "1141"]
[PlyCount "36"]
[EventDate "2011.07.06"]
[EventType "swiss"]
[EventRounds "7"]
[EventCountry "CAN"]
[SourceTitle "EXT 2022"]
[Source "ChessBase"]
[SourceDate "2021.10.06"]
[SourceVersion "1"]
[SourceVersionDate "2021.10.06"]
[SourceQuality "1"]

1. e4 e5 2. Nf3 Nc6 3. Bb5 a6 4. Ba4 Be7 5. 0-0 b5 6. Bb3 Nf6 7. Re1 0-0 8. c3 Na5 9. Bc2 c5 10. d4 cxd4 11. cxd4 exd4 12. Nxd4 Bc5 13. e5 Nd5 14. Be4 Bb7 15. Nb3 Nxb3 16. Qxb3 Bxf2+ 17. Kxf2 Qh4+ 18. Kg1 Qxe1# 0-1